000 00957 a2200205 4500
003 UA-OsUOA
005 20260507154917.0
008 260507b un ||||| |||| 00| 0 ukr d
040 _aUA-OsUOA
_bukr
_cUA-OsUOA
_dUA-OsUOA
041 _aukr
080 _a27
090 _a27
_bВ85
111 _aВсеканадські святкування 100-річчя (988-1988) хрещення Русі-України у св. православну віру
_cСаскатун, Саскачеван
_d13-16 серпня, 1987
_925196
245 _aВсеканадські святкування 100-річчя (988-1988) хрещення Русі-України у св. православну віру
260 _c13-16 серпня 1987
_aСаскатун
650 _2UDC
_a27 Християнство
_93054
942 _cBR
_2udc
955 _a0
999 _c580662
_d580662